Lily - Alan Walker, K-391, Emelie Hollow (all lyrics) - Statistics

General Stats
  • This quiz has been taken 53 times
  • The average score is 208 of 296
Answer Stats
Answer % Correct
Lily
100%
a
97%
girl
97%
little
97%
was
94%
who
94%
Afraid
90%
afraid,
90%
big,
90%
I
90%
the
90%
world
90%
go
87%
of
87%
to
87%
wide
87%
and
84%
And
84%
in
84%
in,
84%
She
84%
she
84%
So
84%
you
84%
castle
81%
everywhere
81%
Follow
81%
"Follow
81%
run
81%
all
77%
grew
77%
hear
77%
her
77%
her,
77%
just
77%
Just
77%
me
77%
me,
77%
me"
77%
there
77%
there?
77%
up
77%
walls
77%
with
77%
within
77%
alone
74%
be
74%
dark
74%
sun
74%
then
74%
Then
74%
thin
74%
tried
74%
away
71%
came
71%
don't
71%
"Don't
71%
let
71%
Now
71%
told
71%
creeping
68%
everything
68%
"Everything
68%
Everything
68%
hiding
68%
It
68%
it
68%
night
68%
on
68%
setting
68%
want
68%
woods
68%
are
65%
been
65%
creatures
65%
ice
65%
"Is
65%
low
65%
mountains
65%
my
65%
something
65%
Top
65%
warned
65%
went
65%
worry,
65%
come
61%
control
61%
dreaming
61%
magic
61%
valley
61%
you'll
61%
you've
61%
again
58%
Give
58%
hypnotized
58%
ooh"
58%
ooh
58%
Please
58%
screaming,
58%
Start
58%
story
58%
There's
58%
under
58%
Behind
55%
broke,
55%
get
55%
knew
55%
out
55%
safe
55%
someone
55%
walking
55%
can
52%
faster
52%
gold
52%
help
52%
oh
52%
ran
52%
say
52%
awoke
48%
cold
48%
I'll
45%
or
45%
They've
42%
Ooh-ooh,
6%
ooh-ooh,
6%
ooh-ooh
6%
No matching quizzes found
Score Distribution
Percent of People with Each Score
Percentile by Number Answered
Your Score History
You have not taken this quiz